00933nam a2200277 i 4500001001000000003000900010005001700019007000300036008004100039020001500080040003000095041000800125082002400133100004600157245010700203260002300310264007000333300004500403336002700448337003300475338002800508500003000536504004100566650002000607650002800627000007600DO-SdBNP20260409100320.0ta090909s1997 dr d 001 0 spa d a8484002616 aDO-SdBNPbspacBNPHUerda aspa 4a621.4021bM843t2221 aMoreno San Juan, José Luiseautor4aut.10aDesarrollo de las tablas termodinámicas :bmétodo y procedimientos /cJosé Luis Moreno San Juan. aPrimera edición  4aSanto Domingo, República Dominicana :bEditora Taller,c©1997. a131 páginas :bilustraciones ;c27 cm. ardacontentbtexto2txt ardamediabsin mediación2n ardacarrierbvolumen2nc aIncluye índice de notas aIncluye referencias bibliográficas 4aTermodinámica 4aTermodinámicaxTablas